01224 2200325 4500001002100000005001500021035002000036007000300056008004100059020002200100082001300122084002200135100001700157245012300174250002000297300003700317650002000354700003100374700002900405700003100434700002500465700003300490520023100523264003800754336002100792337003000813338002300843990001600866990001600882INLIS00000000116420720240807090707 a0010-0824000029ta240807 b 1 ind  a978-602-367-987-4 a899.2213 aSR 899.2213 AIR t0 aAira Govanka1 aTopoki lover /cAira Govanka, Naevandra Kamea, Nailah Yasmin, Stella Serafina, Alfanisqi; penyunting, Wiwit Wijiastuti aCetakan I, 2023 a88 halaman :bilustrasi ;c21 cm 4aFiksi Indonesia0 aNaevandra Kameaepengarang0 aNailah Yasminepengarang0 aStella Serafinaepengarang0 aAlfanisqiepengarang0 aWiwit Wijiastutiepenyunting aAnan dan sahabatnya suka banget makan topoki. Mereka sampai janjian untuk masak topoki bareng di rumah Anan. Sayangnya, Anan lupa untuk membeli topoki-nya. Waduh, kalau begini apa rencana mereka untuk makan topoki harus batal? aBandung :bMuffin Graphics,c2023 2rdacontentateks 2rdamediaatanpa perantara 2rdacarrieravolume a53784.66604 a53785.66605